000 00365nam a2200145Ia 4500
005 20250729165740.0
008 250729s2010 xx 000 0 und d
041 _akan
082 _a370.15 RAJS
100 _aRaju G
_9232057
245 _aShykshanika Manovijnana
260 _aGadag
_bVidyanidhi Prakashana
_c2010
300 _a740p
650 _aPsychology
_9232058
999 _c239592
_d239592